000 00252nam a22000857a 4500
008 160720b xxu||||| |||| 00| 0 eng d
100 _93083
_a Malhotra, S
245 _aFun With Mental Mathematics : Teacher's Copy - 6
260 _aNew Delhi
_b Frank Bro
_c2006
999 _c2645
_d2645